000 01199cam a2200325 i 4500
001 41516
003 Mx-PuUPA
005 20251204121557.0
008 140415s1999 sp gr 001 0 spa d
017 _aNA 981 - 1999
040 _cMx-PuUPA
_aMx-PuUPA
_bspa
_dMx-PuUPA
_erda
041 1 _aspa
_hund
100 1 _aAquino, Thomas de,
_917638
_eautor
245 1 0 _aComentario al libro VII de la metafísica de Aristóteles /
_cTomás de Aquino ; prólogo, traducción y edición de Jorge Morán
264 1 _aPamplona, España :
_bUniversidad de Navarra,
_c©1999
300 _a261 páginas ;
_c22 cm
336 _2rdacontent
_atexto
_btxt
337 _2rdamedia
_asin medio
_bn
338 _2rdacarrier
_avolumen
_bnc
490 0 _aCuadernos de Anuario Filosófico ;
_v69
490 0 _aSerie Universitaria
600 0 4 _aAristóteles
600 0 4 _aAristóteles
_d384-322 a.C.
_vCrítica e interpretación
650 7 _2armarc
_aMetafísica
700 1 _aMorán, Jorge,
_epróloguista
_etraductor
_eeditor
942 _2ddc
_cLI
_h110
_iT6618
999 _c41516
_d41516